Finland in Eurovision - 12 points - Statistics

General Stats
  • This quiz has been taken 93 times
    55 since last reset
  • The average score is 72 of 79
Answer Stats
Hint Answer % Correct
1993 Norway
100%
2005 SF Norway
100%
2005 Norway
100%
2008 SF Norway
100%
2008 Norway
100%
2013 Norway
100%
2023 (Televote) Norway
100%
1985 Sweden
100%
1996 QR Sweden
100%
2004 Sweden
100%
2012 Sweden
100%
2015 Sweden
100%
2016 (Jury) Sweden
100%
2017 SF (Jury) Sweden
100%
2017 (Jury) Sweden
100%
2019 (Jury) Sweden
100%
2022 SF (Jury) Sweden
100%
2022 (Jury) Sweden
100%
2023 (Jury) Sweden
100%
1978 Germany
98%
2010 Germany
98%
2016 (Televote) Ukraine
98%
2022 (Televote) Ukraine
98%
1975 Italy
93%
1984 Italy
93%
1991 Italy
93%
1992 Italy
93%
2006 Russia
93%
2012 SF Russia
93%
1980 Switzerland
93%
1981 Switzerland
93%
2021 (Jury) Switzerland
93%
2024 (Jury) Switzerland
93%
2014 SF Austria
91%
2014 Austria
91%
1989 Denmark
91%
1996 Estonia
91%
1998 Estonia
91%
2004 SF Estonia
91%
2009 Estonia
91%
2010 SF Estonia
91%
2016 SF (Televote) Estonia
91%
2018 SF (Televote) Estonia
91%
2018 (Televote) Estonia
91%
2022 SF (Televote) Estonia
91%
1977 France
91%
1990 France
91%
2002 France
91%
2007 SF Iceland
91%
2009 SF Iceland
91%
2013 SF Iceland
91%
2019 SF (Televote) Iceland
91%
2019 (Televote) Iceland
91%
2021 SF (Televote) Iceland
91%
2021 (Televote) Iceland
91%
1979 Israel
91%
1982 Israel
91%
2018 SF (Jury) Israel
91%
2018 (Jury) Israel
91%
2024 (Televote) Israel
91%
2000 Latvia
91%
2017 SF (Televote) Portugal
89%
2017 (Televote) Portugal
89%
1987 Ireland
87%
1994 Hungary
85%
2011 SF Hungary
85%
2011 Hungary
85%
1976 Belgium
83%
1986 Belgium
83%
2015 SF Belgium
83%
2024 SF (Televote) Croatia
83%
2016 SF (Jury) Netherlands
83%
2007 Serbia
83%
2019 SF (Jury) Australia
80%
2021 SF (Jury) Bulgaria
74%
2023 SF (Televote) Czech Republic
72%
1988 Luxembourg
70%
1983 Yugoslavia
67%
2006 SF Bosnia & Herzegovina
63%
No matching quizzes found
Score Distribution
Percent of People with Each Score
Percentile by Number Answered
Your Score History
You have not taken this quiz since the last reset